Advanced quantitative data analysis (Record no. 132549)
[ view plain ]
| 000 -LEADER | |
|---|---|
| fixed length control field | 01733nam a2200361 a 4500 |
| 082 04 - DEWEY DECIMAL CLASSIFICATION NUMBER | |
| Classification number | 001.4/22 |
| 100 1# - MAIN ENTRY--AUTHOR NAME | |
| Personal name | Cramer, Duncan, |
| 245 10 - TITLE STATEMENT | |
| Title | Advanced quantitative data analysis |
| 260 ## - PUBLICATION, DISTRIBUTION, ETC. (IMPRINT) | |
| Place of publication | Philadelphia, PA : |
| Name of publisher | Open University Press, |
| Year of publication | 2003. |
| 300 ## - PHYSICAL DESCRIPTION | |
| Number of Pages | p. |
| 490 1# - SERIES STATEMENT | |
| Series statement | Understanding social research |
| 505 0# - FORMATTED CONTENTS NOTE | |
| Formatted contents note | pt. 1. Grouping quantitative variables together -- pt. 2. Explaining the variance of a quantitative variable -- pt. 3. Sequencing the relationships between three or more quantitative variables -- pt. 4. Explaining the probability of a dichotomous variable -- pt. 5. Testing differences between group means -- pt. 6. Discriminating between groups -- pt. 7. Analysing frequency tables with three or more qualitative variables. |
| 650 #0 - SUBJECT ADDED ENTRY--TOPICAL TERM | |
| Topical Term | Social sciences |
| 856 40 - ELECTRONIC LOCATION AND ACCESS | |
| Uniform Resource Identifier | http://site.ebrary.com/lib/rucke/Doc?id=10161281 |
No items available.
